<?xml version="1.0" encoding="UTF-8"?>
<record
    xmlns:xsi="http://www.w3.org/2001/XMLSchema-instance"
    xsi:schemaLocation="http://www.loc.gov/MARC21/slim http://www.loc.gov/standards/marcxml/schema/MARC21slim.xsd"
    xmlns="http://www.loc.gov/MARC21/slim">

  <leader>00879nam a2200193 a 4500</leader>
  <controlfield tag="001">4104</controlfield>
  <controlfield tag="005">20221127090857.0</controlfield>
  <controlfield tag="008">150219s       lsu a     l   o00000|ara d</controlfield>
  <datafield tag="020" ind1=" " ind2=" ">
    <subfield code="a">9960575888</subfield>
  </datafield>
  <datafield tag="035" ind1=" " ind2=" ">
    <subfield code="a">707</subfield>
  </datafield>
  <datafield tag="082" ind1="0" ind2="4">
    <subfield code="a">344.53107684</subfield>
    <subfield code="b">&#x633;403</subfield>
  </datafield>
  <datafield tag="110" ind1="0" ind2=" ">
    <subfield code="a">&#x627;&#x644;&#x633;&#x639;&#x648;&#x62F;&#x64A;&#x629;.</subfield>
    <subfield code="b">&#x648;&#x632;&#x627;&#x631;&#x629; &#x627;&#x644;&#x62A;&#x639;&#x644;&#x64A;&#x645; &#x627;&#x644;&#x639;&#x627;&#x644;&#x64A;.</subfield>
    <subfield code="b">&#x645;&#x62C;&#x644;&#x633; &#x627;&#x644;&#x62A;&#x639;&#x644;&#x64A;&#x645; &#x627;&#x644;&#x639;&#x627;&#x644;&#x64A;.</subfield>
  </datafield>
  <datafield tag="245" ind1="1" ind2="0">
    <subfield code="a">&#x646;&#x638;&#x627;&#x645; &#x645;&#x62C;&#x644;&#x633; &#x627;&#x644;&#x62A;&#x639;&#x644;&#x64A;&#x645; &#x627;&#x644;&#x639;&#x627;&#x644;&#x64A; &#x648;&#x627;&#x644;&#x62C;&#x627;&#x645;&#x639;&#x627;&#x62A; &#x648;&#x644;&#x648;&#x627;&#x626;&#x62D;&#x647; /</subfield>
    <subfield code="c">&#x645;&#x62C;&#x644;&#x633; &#x627;&#x644;&#x62A;&#x639;&#x644;&#x64A;&#x645; &#x627;&#x644;&#x639;&#x627;&#x644;&#x64A; - &#x648;&#x632;&#x627;&#x631;&#x629; &#x627;&#x644;&#x62A;&#x639;&#x644;&#x64A;&#x645; &#x627;&#x644;&#x639;&#x627;&#x644;&#x64A;.</subfield>
  </datafield>
  <datafield tag="250" ind1=" " ind2=" ">
    <subfield code="a">&#x637;&#x628;&#x639;&#x629; 4&#x60C; &#x645;&#x62D;&#x62F;&#x62B;&#x629;.</subfield>
  </datafield>
  <datafield tag="260" ind1=" " ind2=" ">
    <subfield code="a">&#x627;&#x644;&#x631;&#x64A;&#x627;&#x636; :</subfield>
    <subfield code="b">&#x648;&#x632;&#x627;&#x631;&#x629; &#x627;&#x644;&#x62A;&#x639;&#x644;&#x64A;&#x645; &#x627;&#x644;&#x639;&#x627;&#x644;&#x64A;&#x60C;</subfield>
    <subfield code="c">2015.</subfield>
  </datafield>
  <datafield tag="300" ind1=" " ind2=" ">
    <subfield code="a">424 &#x635;. &#x61B;</subfield>
    <subfield code="c">24 &#x633;&#x645;.</subfield>
  </datafield>
  <datafield tag="650" ind1=" " ind2="4">
    <subfield code="a">&#x627;&#x644;&#x62A;&#x639;&#x644;&#x64A;&#x645; &#x627;&#x644;&#x639;&#x627;&#x644;&#x64A;</subfield>
    <subfield code="v">&#x642;&#x648;&#x627;&#x646;&#x64A;&#x646; &#x648;&#x62A;&#x634;&#x631;&#x64A;&#x639;&#x627;&#x62A;</subfield>
    <subfield code="z">&#x627;&#x644;&#x633;&#x639;&#x648;&#x62F;&#x64A;&#x629;.</subfield>
  </datafield>
  <datafield tag="650" ind1=" " ind2="4">
    <subfield code="a">&#x627;&#x644;&#x62C;&#x627;&#x645;&#x639;&#x627;&#x62A; &#x648;&#x627;&#x644;&#x643;&#x644;&#x64A;&#x627;&#x62A;</subfield>
    <subfield code="v">&#x642;&#x648;&#x627;&#x646;&#x64A;&#x646; &#x648;&#x62A;&#x634;&#x631;&#x64A;&#x639;&#x627;&#x62A;</subfield>
    <subfield code="z">&#x627;&#x644;&#x633;&#x639;&#x648;&#x62F;&#x64A;&#x629;.</subfield>
  </datafield>
  <datafield tag="999" ind1=" " ind2=" ">
    <subfield code="c">4102</subfield>
    <subfield code="d">4102</subfield>
  </datafield>
  <datafield tag="952" ind1=" " ind2=" ">
    <subfield code="0">0</subfield>
    <subfield code="1">0</subfield>
    <subfield code="2">DDC</subfield>
    <subfield code="4">0</subfield>
    <subfield code="7">0</subfield>
    <subfield code="a">CENTRAL</subfield>
    <subfield code="b">CENTRAL</subfield>
    <subfield code="d">2022-11-27</subfield>
    <subfield code="l">0</subfield>
    <subfield code="o">344.53107684 &#x633;403</subfield>
    <subfield code="p">10000000012499</subfield>
    <subfield code="r">2022-11-27 00:00:00</subfield>
    <subfield code="t">C1</subfield>
    <subfield code="w">2022-11-27</subfield>
    <subfield code="y">REF</subfield>
  </datafield>
  <datafield tag="952" ind1=" " ind2=" ">
    <subfield code="0">0</subfield>
    <subfield code="1">0</subfield>
    <subfield code="2">DDC</subfield>
    <subfield code="4">0</subfield>
    <subfield code="7">0</subfield>
    <subfield code="a">CENTRAL</subfield>
    <subfield code="b">CENTRAL</subfield>
    <subfield code="d">2022-11-27</subfield>
    <subfield code="l">0</subfield>
    <subfield code="o">344.53107684 &#x633;403</subfield>
    <subfield code="p">10000000012498</subfield>
    <subfield code="r">2022-11-27 00:00:00</subfield>
    <subfield code="t">C2</subfield>
    <subfield code="w">2022-11-27</subfield>
    <subfield code="y">REF</subfield>
  </datafield>
</record>
